000 00527cam a22002171 4500
001 sa 64004662
003 DLC
005 20260227112027.0
008 900108s1962 ii 000 0 kano
010 _asa 64004662
035 _a(OCoLC)20860614
040 _aDLC
_cWaU
_dDLC
042 _apremarc
050 0 0 _aJA81
_b.H25
100 1 _aHālanāyka, H.
245 1 0 _aRājakīya tattva itihāsa.
260 _c[1962]
300 _avii, 224 p.
_c19 cm.
500 _aIn Kannada.
650 0 _aPolitical science
_xHistory.
999 _c58672
_d58672